Normal view
MARC view
- CHOKRAB, SUBRATA ROY KUMAR SUJIT
Entry Personal Name
001 - CONTROL NUMBER
- control field: 86083
003 - CONTROL NUMBER IDENTIFIER
- control field: NUST
005 - DATE AND TIME OF LATEST TRANSACTION
- control field: 20211208132532.0
008 - FIXED-LENGTH DATA ELEMENTS
- fixed length control field: 211208|| aca||aabn | a|a d
040 ## - CATALOGING SOURCE
- Original cataloging agency: NUST
- Transcribing agency: NUST
100 ## - HEADING--PERSONAL NAME
- Personal name: CHOKRAB, SUBRATA ROY KUMAR SUJIT
670 ## - SOURCE DATA FOUND
- Source citation: Work cat.: (NUST): CHOKRAB, SUBRATA ROY KUMAR SUJIT. , FUNDAMENTALS OF STRUCTURAL ANALYSIS /, 2014.
